Statistics for Eurozone Map Quiz

Click here to take the quiz!

General Stats

  • This quiz has been taken 29 times
  • The average score is 23 of 25

Answers on the Map

Answers color-coded by a green-red scale on the quiz's map according to % correct below.
Loading ...
 

Answer Stats

Answer% Correct
Andorra
100%
France
100%
Italy
96%
Greece
96%
Ireland
96%
Belgium
96%
Netherlands
96%
Germany
96%
Austria
96%
Slovakia
91%
Lithuania
91%
Latvia
91%
Estonia
91%
Finland
91%
Portugal
91%
San Marino
91%
Vatican City
91%
Spain
91%
Slovenia
91%
Luxembourg
91%
Monaco
91%
Malta
91%
Kosovo
87%
Cyprus
83%
Montenegro
78%

Score Distribution

Percentile by Number Answered

Percent of People with Each Score

Your Score History

You have not taken this quiz